000 00280nam a2200121 a 4500
005 20141022142004.0
008 080922s19uu xx 00 eng d
050 _aVCD
_bC74 1999
245 _aConspiracy theory.
650 _aVCD.
650 _aConspiracy theory.
942 _cAVM
999 _c276439
_d276439